[Event "Bundesliga 8889"]
[Site "Germany"]
[Date "1989.??.??"]
[Round "?"]
[White "Graf, Juergen"]
[Black "Chandler, Murray G"]
[Result "0-1"]
[WhiteElo "2420"]
[BlackElo "2600"]
[PlyCount "74"]
[EventDate "1988.10.??"]
[Source "ChessBase"]
[SourceDate "1999.07.01"]

1. d4 Nf6 2. c4 e6 3. Nc3 Bb4 4. Bg5 h6 5. Bh4 c5 6. Rc1 cxd4 7. Qxd4 Nc6 8. Bxf6 Qxf6 9. Qxf6 gxf6 10. a3 Be7 11. e3 f5 12. Nge2 b6 13. Nf4 Bb7 14. Be2 Ne5 15. O-O Rc8 16. Nb5 a6 17. Nd4 Rg8 18. Rfd1 Bf6 19. g3 Ke7 20. b3 Rc7 21. Nd3 Nxd3 22. Rxd3 Rgc8 23. Rcd1 Be4 24. R3d2 Ke8 25. Bf1 Be7 26. Bg2 Rb8 27. Bxe4 fxe4 28. a4 Bb4 29. Ra2 Rd8 30. Rc2 Rdc8 31. Rdc1 Ke7 32. Kf1 f5 33. Ke2 Kf6 34. Kd1 Rc5 35. Ra2 d5 36. Rac2 e5 37. Ne2 Rd8 0-1

[Event "Star Dojran"]
[Site "Star Dojran"]
[Date "1991.??.??"]
[Round "8"]
[White "Rajkovic, Dusan"]
[Black "Kurajica, Bojan"]
[Result "1-0"]
[WhiteElo "2495"]
[BlackElo "2520"]
[PlyCount "79"]
[EventDate "1991.??.??"]
[Source "www.chesslib.no"]
[SourceDate "2004.05.04"]

1. d4 Nf6 2. c4 e6 3. Nc3 Bb4 4. Bg5 c5 5. d5 Bxc3+ 6. bxc3 d6 7. f3 h6 8. Bh4 g5 9. Bg3 e5 10. e4 Nbd7 11. Bf2 Nf8 12. h4 g4 13. h5 N8h7 14. a4 Ng5 15. Bd3 gxf3 16. gxf3 Nfh7 17. Qe2 Qa5 18. Kd2 Bd7 19. Qe3 Qd8 20. Bg3 Qe7 21. f4 exf4 22. Qxf4 O-O 23. Re1 f6 24. Qxd6 Qg7 25. Re3 b6 26. a5 Rfd8 27. Qc7 Rdc8 28. Qb7 bxa5 29. Ne2 Re8 30. Bd6 Bg4 31. Qxg7+ Kxg7 32. Bxc5 Nf3+ 33. Kc2 Nhg5 34. Ra1 Bxh5 35. Nf4 Bg4 36. Rxa5 h5 37. Bd4 h4 38. Ra6 Ne5 39. Be2 Bc8 40. Nh5+ 1-0

[Event "Najdorf Festival op"]
[Site "Buenos Aires"]
[Date "1998.10.31"]
[Round "8"]
[White "Peralta, Fernando"]
[Black "Milos, Gilberto"]
[Result "1-0"]
[WhiteElo "2435"]
[BlackElo "2575"]
[PlyCount "83"]
[EventDate "1998.10.??"]
[Source "ChessBase"]
[SourceDate "1999.01.01"]

1. d4 Nf6 2. c4 e6 3. Nc3 Bb4 4. Bg5 c5 5. d5 Bxc3+ 6. bxc3 d6 7. e3 Qe7 8. Nf3 Nbd7 9. Bd3 h6 10. Bh4 g5 11. dxe6 Qxe6 12. Bg3 Nh5 13. O-O Ndf6 14. Qc2 Bd7 15. Rad1 Rd8 16. Nd2 Bc6 17. Rfe1 O-O 18. Bf5 Qe8 19. e4 Nxg3 20. hxg3 Nh5 21. Qb1 Ng7 22. Nf1 Qe5 23. Re3 Rfe8 24. Rde1 Qf6 25. g4 Ne6 26. e5 dxe5 27. Rxe5 Ng7 28. Rxe8+ Nxe8 29. Qc2 Nd6 30. Ng3 Nxc4 31. Nh5 Qd6 32. Be6 Ne5 33. Rxe5 Qd1+ 34. Qxd1 Rxd1+ 35. Kh2 fxe6 36. Rxe6 Rd2 37. Kg3 Rxa2 38. Rxh6 Rd2 39. Rg6+ Kf8 40. Rxg5 Rd5 41. Rg6 a5 42. Nf4 1-0

[Event "Cherepovets"]
[Site "Cherepovets"]
[Date "1997.??.??"]
[Round "6"]
[White "Ditiatev, Sergey"]
[Black "Shipov, Sergei"]
[Result "0-1"]
[WhiteElo "2465"]
[BlackElo "2540"]
[PlyCount "76"]
[EventDate "1997.??.??"]
[Source "www.chesslib.no"]
[SourceDate "2004.05.04"]

1. d4 Nf6 2. c4 e6 3. Nc3 Bb4 4. Bg5 c5 5. d5 h6 6. Bh4 Bxc3+ 7. bxc3 d6 8. Nf3 Qe7 9. e3 e5 10. Nd2 g5 11. Bg3 Bf5 12. Be2 Nbd7 13. h4 O-O-O 14. Qa4 Kb8 15. Qb5 a6 16. Qb3 Ka7 17. f3 e4 18. Rb1 b6 19. f4 Ng4 20. Nf1 gxf4 21. Bxf4 Rhg8 22. g3 Rb8 23. Bxg4 Bxg4 24. Bxh6 Ne5 25. Bf4 Nd3+ 26. Kd2 b5 27. Nh2 Bd7 28. Bg5 Qe5 29. Bf4 Nxf4 30. gxf4 Rg2+ 31. Kc1 Qh5 32. Rb2 Rxb2 33. Qxb2 bxc4 34. Qd2 Qxh4 35. Rg1 Qd8 36. Qc2 Qa5 37. Kd2 Qa3 38. Rb1 Rg8 0-1

[Event "New York Open"]
[Site "Newark, NJ USA"]
[Date "1995.??.??"]
[Round "?"]
[White "Yermolinsky, Alex"]
[Black "Jounousov, Mouret"]
[Result "1/2-1/2"]
[WhiteElo "2580"]
[BlackElo "2425"]
[PlyCount "91"]
[EventDate "1995.04.12"]
[Source "www.chesslib.no"]
[SourceDate "2004.05.04"]

1. d4 Nf6 2. c4 e6 3. Nc3 Bb4 4. Bg5 h6 5. Bh4 c5 6. d5 e5 7. Rc1 d6 8. e3 Bxc3+ 9. Rxc3 g5 10. Bg3 Ne4 11. Ra3 Qb6 12. Qc2 Bf5 13. Bd3 Nxg3 14. hxg3 Bxd3 15. Rxd3 Nd7 16. Ne2 O-O-O 17. Rb3 Qc7 18. Nc3 a6 19. Qf5 Rdf8 20. Ne4 Kb8 21. Rc3 Ka7 22. a3 Nb6 23. Qf6 Na4 24. Rc2 Qb6 25. O-O Rd8 26. Rb1 Qc7 27. b3 Nb6 28. Rcc1 Nc8 29. b4 cxb4 30. axb4 Qe7 31. Qf3 h5 32. c5 g4 33. Qf5 dxc5 34. Rxc5 Nd6 35. Nxd6 Rxd6 36. Rbc1 Qf6 37. Qxf6 Rxf6 38. Rc7 h4 39. gxh4 Rxh4 40. g3 Rh5 41. R1c4 Rhf5 42. Rc2 e4 43. Re7 Rxd5 44. Rxe4 Rg6 45. Rf4 f5 46. e4 1/2-1/2

[Event "34th Olympiad, Istanbul TUR"]
[Site "?"]
[Date "2000.??.??"]
[Round "3"]
[White "Miladinovic, I."]
[Black "Sharavdorj, D."]
[Result "1-0"]
[WhiteElo "2560"]
[BlackElo "2445"]
[PlyCount "131"]
[EventDate "2000.??.??"]
[Source "www.chesslib.no"]
[SourceDate "2004.05.04"]

1. d4 e6 2. c4 Bb4+ 3. Nc3 Nf6 4. Nf3 O-O 5. Bg5 h6 6. Bh4 c5 7. e3 cxd4 8. Nxd4 Be7 9. Be2 d5 10. O-O a6 11. Bxf6 Bxf6 12. cxd5 exd5 13. Bf3 Be6 14. Nde2 Ra7 15. Rb1 Bf5 16. Rc1 Be4 17. Nxe4 dxe4 18. Bxe4 Bxb2 19. Qxd8 Rxd8 20. Rb1 Rd2 21. Nc1 Bf6 22. Bxb7 Nd7 23. a4 Nc5 24. Nb3 Rc2 25. Nxc5 Rxc5 26. Be4 g6 27. Bd3 Kg7 28. Rfc1 Rxc1+ 29. Rxc1 a5 30. Kf1 Be7 31. Bb5 Bb4 32. Rc8 Re7 33. Bc4 Bd6 34. Rd8 Bb4 35. Ke2 Rc7 36. Bd3 Be7 37. Rd5 Bb4 38. h4 Rc5 39. Rd7 Re5 40. f4 Re7 41. Rd5 h5 42. e4 Rc7 43. e5 Re7 44. Kf3 Bc3 45. Rc5 Bb4 46. Rc6 Re6 47. Rc8 Re7 48. Bc4 Be1 49. g3 Bb4 50. Rc6 Rd7 51. Ba6 Kh7 52. Bb5 Re7 53. g4 hxg4+ 54. Kxg4 Kh6 55. h5 f5+ 56. exf6 gxh5+ 57. Kf5 Rf7 58. Bc4 Rf8 59. f7+ Kh7 60. Kg5 Be7+ 61. Kxh5 Rd8 62. Rh6+ Kg7 63. Rg6+ Kh7 64. Rg8 Rd4 65. Bb3 Rd2 66. f8=N+ 1-0

[Event "Mind Sports Games - Rapid Team"]
[Site "Pechino CINA"]
[Date "2008.10.15"]
[Round "6"]
[White "Zhang Zhong"]
[Black "Hussein, HA."]
[Result "1-0"]
[WhiteElo "2649"]
[BlackElo "2354"]
[PlyCount "145"]
[EventDate "2008.10.14"]
[Source "www.chesslib.no"]
[SourceDate "2004.05.04"]

1. d4 Nf6 2. Nf3 e6 3. c4 Bb4+ 4. Nc3 O-O 5. Bg5 h6 6. Bh4 c5 7. Rc1 cxd4 8. Nxd4 Nc6 9. e3 Be7 10. Be2 d5 11. O-O Bd7 12. cxd5 Nxd5 13. Bxe7 Ncxe7 14. Nxd5 Nxd5 15. Bf3 Rc8 16. Bxd5 exd5 17. Qb3 Bc6 18. Rc3 Qb6 19. Qxb6 axb6 20. Rb3 Ra8 21. a3 Ra6 22. Rc1 Rc8 23. Rbc3 b5 24. h3 Rb6 25. Nc2 Rd8 26. Rd1 Kf8 27. Nb4 Ke7 28. Rcd3 Ke6 29. Rd4 f5 30. f3 Ra8 31. Kf2 Ra4 32. h4 g6 33. g4 Ra8 34. gxf5+ gxf5 35. Rg1 Kf7 36. Rf4 Bd7 37. Rc1 Rc8 38. Rxc8 Bxc8 39. Rd4 Be6 40. Kg3 Rd6 41. Kf4 Kf6 42. e4 fxe4 43. fxe4 Rd7 44. Nxd5+ Kf7 45. Ke5 Rd8 46. Rd2 Bg4 47. Rf2+ Kg6 48. Rg2 Re8+ 49. Kd4 h5 50. Rf2 Rd8 51. Rf6+ Kg7 52. Rb6 Rd7 53. Rxb5 Rf7 54. Rb6 Bc8 55. Ke5 Bg4 56. a4 Be2 57. a5 Rd7 58. b4 Rf7 59. b5 Bg4 60. Rf6 Rd7 61. Rd6 Rf7 62. Nf4 Re7+ 63. Kd4 Kf7 64. e5 Ke8 65. Nd5 Rg7 66. e6 Be2 67. e7 Bxb5 68. Rd8+ Kf7 69. Rf8+ Ke6 70. Kc5 Ba4 71. e8=Q+ Bxe8 72. Rxe8+ Kf5 73. Re7 1-0

[Event "Benasque"]
[Site "Benasque"]
[Date "1995.??.??"]
[Round "6"]
[White "Comas Fabrego, Luis"]
[Black "Garcia Ilundain, David"]
[Result "0-1"]
[WhiteElo "2490"]
[BlackElo "2510"]
[PlyCount "78"]
[EventDate "1995.07.??"]
[Source "ChessBase"]

1. d4 Nf6 2. c4 e6 3. Nc3 Bb4 4. Bg5 h6 5. Bh4 b6 6. f3 c5 7. d5 exd5 8. cxd5 O-O 9. e4 Re8 10. Be2 d6 11. Qc2 a6 12. g4 Nbd7 13. Nh3 Ne5 14. Nf2 b5 15. a3 Ba5 16. O-O Rb8 17. Ncd1 c4 18. Ne3 Bb6 19. Nf5 Bxf5 20. gxf5 Be3 21. Kh1 Bg5 22. Bg3 Nh5 23. Nh3 Nxg3+ 24. hxg3 Be3 25. f4 Nd7 26. Rf3 Bb6 27. Bf1 Nf6 28. Re1 Qc7 29. g4 Nxg4 30. Rg3 Nf6 31. Qg2 Kh8 32. Ng5 Bd4 33. Qd2 hxg5 34. Rh3+ Kg8 35. Qh2 Kf8 36. e5 dxe5 37. Rh8+ Ke7 38. fxe5 Rxh8 39. d6+ Kd7 0-1

[Event "URS-FL49"]
[Site "Volgodonsk"]
[Date "1981.??.??"]
[Round "7"]
[White "Vladimirov, Evgeny"]
[Black "Rashkovsky, Nukhim N"]
[Result "1/2-1/2"]
[WhiteElo "2460"]
[BlackElo "2540"]
[PlyCount "42"]
[EventDate "1981.10.??"]
[Source "ChessBase"]

1. d4 Nf6 2. c4 e6 3. Nc3 Bb4 4. Bg5 h6 5. Bxf6 Qxf6 6. Rc1 c5 7. dxc5 Na6 8. g3 Nxc5 9. Bg2 a5 10. Nh3 a4 11. a3 Bxc3+ 12. Rxc3 e5 13. f4 d6 14. fxe5 dxe5 15. Nf2 O-O 16. Bd5 Qb6 17. Qc2 Be6 18. O-O Bxd5 19. cxd5 Ra5 20. Kg2 Rb5 21. Nd1 Qd6 1/2-1/2

[Event "Tel Aviv-A"]
[Site "Tel Aviv ISR"]
[Date "1989.??.??"]
[Round "5"]
[White "Rechlis, Gad"]
[Black "Levitt, Jonathan"]
[Result "1-0"]
[WhiteElo "2500"]
[BlackElo "2495"]
[PlyCount "83"]
[EventDate "1989.04.??"]
[Source "www.chesslib.no"]
[SourceDate "2004.05.04"]

1. d4 e6 2. c4 Nf6 3. Nc3 Bb4 4. Bg5 c5 5. d5 d6 6. e3 exd5 7. cxd5 Nbd7 8. Bd3 Qa5 9. Nge2 Nxd5 10. O-O Bxc3 11. bxc3 c4 12. Bc2 O-O 13. Bh4 Ne5 14. Qd2 Ng6 15. Bg3 Rd8 16. e4 Nf6 17. f4 Bd7 18. f5 Ne5 19. Bh4 d5 20. exd5 Re8 21. Nf4 Neg4 22. Rae1 Qb6+ 23. Kh1 Ne3 24. Rg1 Nxf5 25. Bf2 Qd6 26. h3 h5 27. Rgf1 g6 28. Kg1 a6 29. a4 b5 30. a5 b4 31. cxb4 Rac8 32. Rxe8+ Nxe8 33. Bc5 Rxc5 34. bxc5 Qxc5+ 35. Qf2 Qxa5 36. Qa7 Nf6 37. Qb8+ Kg7 38. Bxf5 Bxf5 39. Kh1 c3 40. Qe5 c2 41. Nxh5+ gxh5 42. Qxf5 1-0

[Event "Vejen"]
[Site "?"]
[Date "1993.??.??"]
[Round "?"]
[White "Rogozenko, D."]
[Black "Onischuk, A."]
[Result "0-1"]
[WhiteElo "2500"]
[BlackElo "2495"]
[PlyCount "72"]
[EventDate "1993.??.??"]
[Source "ChessBase"]
[SourceDate "1993.10.01"]

1. d4 Nf6 2. c4 e6 3. Nc3 Bb4 4. Bg5 c5 5. d5 d6 6. e3 Qe7 7. Nf3 h6 8. Bh4 Bxc3+ 9. bxc3 e5 10. Nd2 g5 11. Bg3 Bf5 12. f3 e4 13. h4 Rg8 14. hxg5 hxg5 15. Qb1 Nbd7 16. fxe4 Bxe4 17. Bxd6 Qxd6 18. Nxe4 Qe5 19. Nxf6+ Nxf6 20. Qb5+ Kd8 21. O-O-O Ne4 22. Qb2 Kc7 23. Bd3 Nd6 24. Qa3 b6 25. Kc2 Kb7 26. Rh6 Rh8 27. Rdh1 Rhd8 28. Rf1 Rac8 29. Qc1 b5 30. cxb5 Qxd5 31. Rd1 c4 32. Bh7 Qc5 33. Rf6 Qe5 34. Rdf1 Rc7 35. Qa3 Nxb5 36. Qb4 Ka8 0-1

[Event "Tungsram"]
[Site "Budapest"]
[Date "1977.??.??"]
[Round "?"]
[White "Ree, Hans"]
[Black "Gipslis, Aivars"]
[Result "1/2-1/2"]
[WhiteElo "2460"]
[BlackElo "2535"]
[PlyCount "36"]
[EventDate "1977.08.??"]
[Source "ChessBase"]

1. d4 Nf6 2. c4 e6 3. Nc3 Bb4 4. Bg5 h6 5. Bh4 c5 6. d5 exd5 7. cxd5 O-O 8. e3 Re8 9. Bd3 Bxc3+ 10. bxc3 d6 11. Ne2 Nbd7 12. O-O Ne5 13. Rb1 Ng6 14. Bg3 Nh5 15. e4 Nxg3 16. Nxg3 Nf4 17. Qd2 Qg5 18. Kh1 h5 1/2-1/2

[Event "JUG-chT playoff"]
[Site "Herceg Novi"]
[Date "2001.05.27"]
[Round "2.1"]
[White "Rajkovic, Dusan"]
[Black "Pikula, Dejan"]
[Result "1-0"]
[WhiteElo "2490"]
[BlackElo "2504"]
[PlyCount "89"]
[EventDate "2001.05.25"]
[Source "ChessBase"]
[SourceDate "2001.07.03"]

1. d4 Nf6 2. c4 e6 3. Nc3 Bb4 4. Bg5 c5 5. d5 h6 6. Bh4 exd5 7. cxd5 Qb6 8. Rc1 Ba5 9. Qd2 O-O 10. e3 Re8 11. Nf3 Na6 12. Bc4 Ne4 13. Qe2 Bxc3+ 14. bxc3 Qa5 15. O-O Nc7 16. Bd3 c4 17. Bxe4 Rxe4 18. d6 Nd5 19. Qc2 Re6 20. Bg3 Nf6 21. Nd4 Re4 22. Rce1 g6 23. f3 Re8 24. e4 Nh5 25. Bh4 Qc5 26. Be7 b5 27. Qd2 Rb8 28. g4 Ng7 29. Qxh6 Rxe7 30. dxe7 Qxe7 31. f4 Rb6 32. Rf3 f5 33. Rh3 Kf7 34. Qh8 Bb7 35. gxf5 b4 36. Rh7 Qf8 37. Qxf8+ Kxf8 38. cxb4 gxf5 39. Rh8+ Kf7 40. Nf3 fxe4 41. Ne5+ Ke6 42. Rh6+ Kf5 43. Rxb6 axb6 44. Nxc4 Bc6 45. b5 1-0

[Event "GER-ch"]
[Site "Altenkirchen"]
[Date "2001.12.06"]
[Round "7"]
[White "Breutigam, Martin"]
[Black "Wahls, Matthias"]
[Result "0-1"]
[WhiteElo "2411"]
[BlackElo "2580"]
[PlyCount "102"]
[EventDate "2001.11.30"]
[Source "ChessBase"]
[SourceDate "2002.03.21"]

1. d4 Nf6 2. c4 e6 3. Nc3 Bb4 4. Bg5 h6 5. Bh4 c5 6. dxc5 Nc6 7. Nf3 Bxc3+ 8. bxc3 Qa5 9. Bxf6 gxf6 10. g3 Qxc5 11. Nd2 f5 12. e4 b6 13. Bg2 f4 14. O-O fxg3 15. hxg3 Ne5 16. Nb3 Qxc4 17. Qd6 f6 18. Rfd1 Qc6 19. Qd2 Ba6 20. Qf4 Ke7 21. Qh4 Rag8 22. Rd4 h5 23. f4 Ng6 24. Qh3 Qxc3 25. Rad1 Nf8 26. Kh2 h4 27. g4 Qg3+ 28. Qxg3 hxg3+ 29. Kxg3 Be2 30. Rh1 Rxg4+ 31. Kf2 Rxh1 32. Bxh1 Bb5 33. Bf3 Rxf4 34. Kg3 Ng6 35. Rb4 Bc6 36. Nd4 Rh4 37. Rc4 Rh8 38. Nxc6+ dxc6 39. Rxc6 Kd7 40. Rc2 Rc8 41. Rd2+ Ke7 42. Be2 Rc3+ 43. Kf2 Ne5 44. a4 Nd7 45. a5 Nc5 46. Ra2 Nxe4+ 47. Kg2 Rg3+ 48. Kh2 Rb3 49. Bd1 Rb5 50. axb6 axb6 51. Bf3 Rb4 0-1

[Event "BL2-Sued 0102"]
[Site "Germany"]
[Date "2002.02.03"]
[Round "5.2"]
[White "Huebner, Robert"]
[Black "Wintzer, Joachim"]
[Result "1-0"]
[WhiteElo "2612"]
[BlackElo "2378"]
[PlyCount "89"]
[EventDate "2001.10.07"]
[Source "ChessBase"]
[SourceDate "2002.07.08"]

1. d4 e6 2. c4 Nf6 3. Nc3 Bb4 4. Bg5 c5 5. d5 exd5 6. cxd5 d6 7. e3 Nbd7 8. Bd3 Qe7 9. Nge2 h6 10. Bh4 O-O 11. O-O a6 12. Ng3 Ne5 13. Nf5 Bxf5 14. Bxf5 Rad8 15. a4 Rfe8 16. Rc1 Ng6 17. Bg3 Bxc3 18. bxc3 Ne4 19. Bxe4 Qxe4 20. c4 f5 21. Rc3 f4 22. exf4 Nxf4 23. Bxf4 Qxf4 24. g3 Qf7 25. Re1 Rxe1+ 26. Qxe1 b5 27. axb5 axb5 28. cxb5 Qxd5 29. Re3 Rf8 30. Re7 Qb3 31. Qa1 Rf7 32. Re8+ Rf8 33. Qe1 Rxe8 34. Qxe8+ Kh7 35. Kg2 c4 36. Qe4+ Kh8 37. Qd5 Qb4 38. Qc6 c3 39. b6 c2 40. Qc8+ Kh7 41. Qxc2+ Kg8 42. Qc6 Kh7 43. b7 h5 44. Qc8 Qe4+ 45. Kh3 1-0

[Event "Bohemians"]
[Site "Prague CZE"]
[Date "1987.??.??"]
[Round "?"]
[White "Pekarek, Ales"]
[Black "Cvitan, Ognjen"]
[Result "1/2-1/2"]
[WhiteElo "2480"]
[BlackElo "2505"]
[PlyCount "85"]
[EventDate "1987.01.??"]
[Source "www.chesslib.no"]
[SourceDate "2004.05.04"]

1. d4 Nf6 2. c4 e6 3. Nc3 Bb4 4. Bg5 c5 5. d5 Bxc3+ 6. bxc3 d6 7. f3 e5 8. e3 Nbd7 9. Bd3 Nf8 10. Ne2 Ng6 11. Qc2 h6 12. Bxf6 Qxf6 13. O-O O-O 14. Rae1 Bd7 15. Ng3 Rae8 16. Bf5 Bxf5 17. Qxf5 Qe7 18. Qg4 Nh4 19. e4 Kh7 20. Nf5 Nxf5 21. exf5 Qf6 22. Re4 Re7 23. Qh3 g6 24. fxg6+ fxg6 25. Qg3 g5 26. Qe1 Ref7 27. a4 b6 28. Qb1 Qg6 29. Rfe1 Rf4 30. Kf2 Kg7 31. Rxf4 Qxb1 32. Rxb1 Rxf4 33. a5 bxa5 34. Rb7+ Kf8 35. Ke3 Rxc4 36. Kd3 Ra4 37. Rxa7 Ra2 38. Ke4 Rxg2 39. Kf5 Rf2 40. Ra8+ Ke7 41. Ra7+ Kf8 42. Ra8+ Ke7 43. Ra7+ 1/2-1/2

[Event "Haringey"]
[Site "London ENG"]
[Date "1988.??.??"]
[Round "?"]
[White "Kouatly, Bachar"]
[Black "Murey, Jacob I"]
[Result "0-1"]
[WhiteElo "2450"]
[BlackElo "2535"]
[PlyCount "86"]
[EventDate "1988.07.??"]
[Source "www.chesslib.no"]
[SourceDate "2004.05.04"]

1. d4 Nf6 2. c4 e6 3. Nc3 Bb4 4. Bg5 h6 5. Bh4 c5 6. d5 e5 7. Qc2 d6 8. f3 g5 9. Bf2 e4 10. O-O-O Bxc3 11. Qxc3 Nbd7 12. h4 g4 13. h5 b5 14. cxb5 a6 15. e3 O-O 16. bxa6 Bxa6 17. Bxa6 Rxa6 18. Bh4 Rxa2 19. Ne2 Re8 20. f4 Qb6 21. Bxf6 Nxf6 22. Qxf6 Qb5 23. Kb1 Qxe2 24. Kxa2 Qc2 25. Qc3 Ra8+ 26. Qa3 Qc4+ 27. Ka1 Rxa3+ 28. bxa3 Qb3 29. Rhe1 c4 30. Rc1 Qxa3+ 31. Kb1 Qb3+ 32. Ka1 Qa3+ 33. Kb1 Qd3+ 34. Kb2 Qd2+ 35. Ka3 Qxd5 36. Kb4 g3 37. Rcd1 Qc5+ 38. Kc3 Kg7 39. Ra1 Kf6 40. Ra4 Qd5 41. Ra3 Qd3+ 42. Kb4 Qd2+ 43. Kxc4 Qxe1 0-1

[Event "Kharkov UKR"]
[Site "Kharkov UKR"]
[Date "1987.??.??"]
[Round "?"]
[White "Neverov, Valeriy"]
[Black "Gurevich, Mikhail N"]
[Result "1/2-1/2"]
[WhiteElo "2440"]
[BlackElo "2540"]
[PlyCount "77"]
[EventDate "1987.??.??"]
[Source "www.chesslib.no"]
[SourceDate "2004.05.04"]

1. d4 Nf6 2. c4 e6 3. Nc3 Bb4 4. Bg5 c5 5. d5 d6 6. e3 exd5 7. cxd5 Nbd7 8. Bd3 Qa5 9. Nge2 Nxd5 10. O-O Bxc3 11. bxc3 c4 12. Bc2 O-O 13. Bh4 Nxc3 14. Nxc3 Qxc3 15. Rc1 Qe5 16. Bg3 Qf6 17. Bxd6 Re8 18. Ba4 Re6 19. Ba3 Ne5 20. Qd5 Ra6 21. Qb5 Bd7 22. Qxb7 Bc6 23. Bxc6 Qxc6 24. Qxc6 Rxc6 25. Rfd1 Ra6 26. Rc3 Nd3 27. Rxc4 Nxf2 28. Rdc1 h5 29. Kxf2 Rxa3 30. R1c2 Rd8 31. Kf3 Rd6 32. R4c3 Ra4 33. Rc4 Rda6 34. Rxa4 Rxa4 35. e4 g5 36. Ke3 Kg7 37. e5 Kf8 38. Rf2 Ke7 39. Rf5 1/2-1/2

[Event "Bad Ragaz"]
[Site "Bad Ragaz"]
[Date "1994.??.??"]
[Round "8"]
[White "Milov, Vadim"]
[Black "Landenbergue, Claude"]
[Result "1/2-1/2"]
[WhiteElo "2585"]
[BlackElo "2390"]
[PlyCount "98"]
[EventDate "1994.04.??"]
[Source "ChessBase"]

1. d4 Nf6 2. c4 e6 3. Nc3 Bb4 4. Bg5 c5 5. d5 h6 6. Bh4 b5 7. e4 g5 8. Bg3 Nxe4 9. Be5 Rg8 10. Qf3 exd5 11. cxd5 Qe7 12. Qxe4 f6 13. O-O-O Bxc3 14. bxc3 d6 15. Bxb5+ Nd7 16. Nf3 fxe5 17. h4 g4 18. Nd2 Kd8 19. Qa4 Nb6 20. Qa5 Qc7 21. Rhe1 Rf8 22. Ne4 Rf4 23. g3 Rf8 24. Re2 Bf5 25. Re3 Rb8 26. c4 Bxe4 27. Rxe4 h5 28. Qd2 Qg7 29. Rh1 Rf5 30. a4 Rb7 31. Rh2 Rbf7 32. Kd1 Qf6 33. Ke1 Rf3 34. Qg5 Kc7 35. a5 Nc8 36. Qxh5 Ra3 37. Qxg4 Ra1+ 38. Kd2 Rxa5 39. Kc3 Ra3+ 40. Kb2 Rf3 41. Kc1 Rxf2 42. Rxf2 Qxf2 43. Re2 Qg1+ 44. Kb2 Qd1 45. Bc6 Kb8 46. Ka3 Qa1+ 47. Kb3 Qd1+ 48. Ka3 Qa1+ 49. Kb3 Qd1+ 1/2-1/2

[Event "FSGM September"]
[Site "Budapest"]
[Date "2004.09.06"]
[Round "3"]
[White "Erdos, Viktor"]
[Black "Ilincic, Zlatko"]
[Result "0-1"]
[WhiteElo "2454"]
[BlackElo "2520"]
[PlyCount "76"]
[EventDate "2004.09.04"]
[Source "Roberto Alvarez"]
[SourceDate "2004.09.21"]

1. d4 Nf6 2. c4 e6 3. Nc3 Bb4 4. Bg5 h6 5. Bh4 c5 6. d5 O-O 7. e3 d6 8. Nf3 e5 9. Nd2 g5 10. Bg3 Bxc3 11. bxc3 Qa5 12. Qc2 Nbd7 13. Rb1 Nh5 14. Bd3 Ndf6 15. O-O Qd8 16. f3 Nxg3 17. hxg3 Kg7 18. Kf2 Rh8 19. Rh1 Qa5 20. g4 b6 21. Rb2 Bd7 22. Nf1 h5 23. gxh5 Rxh5 24. Rxh5 Nxh5 25. Bf5 Ba4 26. Qd3 Rh8 27. Bg4 Nf6 28. Qf5 Rh6 29. Ng3 Qxc3 30. Re2 Bd7 31. Rc2 Qa3 32. Qxg5+ Rg6 33. Nh5+ Nxh5 34. Qxh5 Bxg4 35. fxg4 Qd3 36. Re2 Rf6+ 37. Ke1 Qc3+ 38. Rd2 Qc1+ 0-1

[Event "Bekescsaba"]
[Site "Bekescsaba"]
[Date "1996.??.??"]
[Round "3"]
[White "Dao, Thien Hai"]
[Black "Zemerov, Vladimir"]
[Result "1-0"]
[WhiteElo "2560"]
[BlackElo "2410"]
[PlyCount "109"]
[EventDate "1996.??.??"]
[Source "www.chesslib.no"]
[SourceDate "2004.05.04"]

1. d4 Nf6 2. c4 e6 3. Nc3 Bb4 4. Bg5 h6 5. Bh4 d5 6. e3 g5 7. Bg3 Ne4 8. Qc2 h5 9. f3 Nxg3 10. hxg3 Nc6 11. Bd3 dxc4 12. Bxc4 Qd6 13. O-O-O Bxc3 14. Qxc3 Qb4 15. Nh3 Qxc3+ 16. bxc3 f6 17. Nf2 Ke7 18. Rh2 Bd7 19. Rdh1 Be8 20. g4 h4 21. g3 h3 22. Rxh3 Rxh3 23. Rxh3 Bg6 24. Rh6 Rg8 25. Bd3 Bxd3 26. Nxd3 Nd8 27. Nc5 Nf7 28. Rh7 b6 29. Ne4 a6 30. Kc2 Rh8 31. Rxh8 Nxh8 32. Kb3 Nf7 33. c4 Nd6 34. Nd2 Nb7 35. Kc3 c5 36. f4 cxd4+ 37. exd4 Nd6 38. c5 bxc5 39. dxc5 Nb7 40. Kd4 gxf4 41. gxf4 Na5 42. Ne4 Nc6+ 43. Kc4 Na5+ 44. Kc3 f5 45. gxf5 exf5 46. Ng5 Kd7 47. Kd4 Nc6+ 48. Kc4 Ne7 49. Nf3 Ke6 50. Nd4+ Kd7 51. Kb4 Nd5+ 52. Ka5 Nxf4 53. Kxa6 Nd5 54. Kb7 f4 55. a4 1-0

[Event "ch-DEN"]
[Site "Silkeborg DEN"]
[Date "2008.03.17"]
[Round "3"]
[White "Kristiansen, Jen"]
[Black "Schandorff, L."]
[Result "1/2-1/2"]
[WhiteElo "2441"]
[BlackElo "2526"]
[PlyCount "63"]
[EventDate "2008.03.15"]
[Source "www.chesslib.no"]
[SourceDate "2004.05.04"]

1. d4 Nf6 2. c4 e6 3. Nc3 Bb4 4. Bg5 c5 5. d5 exd5 6. cxd5 d6 7. Nf3 Nbd7 8. Nd2 O-O 9. e4 h6 10. Bh4 Re8 11. Be2 Qa5 12. f3 Bxc3 13. bxc3 Nh5 14. O-O g5 15. Nc4 Qc7 16. f4 Nxf4 17. Rxf4 gxf4 18. Qd2 Rxe4 19. Bd3 Rxc4 20. Bxc4 Ne5 21. Qxf4 f5 22. Re1 Qg7 23. Re3 Kh7 24. Be2 Bd7 25. Rg3 Qf8 26. Re3 Ng6 27. Qf2 Nxh4 28. Qxh4 Re8 29. Rxe8 Qxe8 30. Qf6 Qxe2 31. Qf7+ Kh8 32. Qf8+ 1/2-1/2

[Event "Bundesliga 8788"]
[Site "Germany"]
[Date "1988.??.??"]
[Round "?"]
[White "Graf, Juergen"]
[Black "Christiansen, Larry Mark"]
[Result "1-0"]
[WhiteElo "2390"]
[BlackElo "2575"]
[PlyCount "104"]
[EventDate "1987.10.??"]
[Source "ChessBase"]
[SourceDate "1999.07.01"]

1. d4 Nf6 2. c4 e6 3. Nc3 Bb4 4. Bg5 h6 5. Bh4 Qe7 6. e3 d6 7. Bd3 O-O 8. Nge2 c6 9. O-O Nbd7 10. f4 c5 11. Ne4 cxd4 12. N2g3 dxe3 13. Nh5 Bc5 14. Nexf6+ Nxf6 15. Kh1 Bd4 16. Bc2 e5 17. Nxf6+ Kh8 18. Qh5 exf4 19. Nh7 Qe5 20. Qxe5 dxe5 21. Nxf8 g5 22. Be1 Bg4 23. Bb4 Rc8 24. Bd3 f5 25. Ng6+ Kh7 26. Nxe5 Bxe5 27. h3 Rd8 28. Bc2 Be2 29. Bxf5+ Kg7 30. Rfe1 Bxc4 31. Rad1 Rxd1 32. Rxd1 Bxb2 33. Rd7+ Kf6 34. Bg4 e2 35. Be1 b5 36. Bxe2 Bxe2 37. Rd2 Bc4 38. Rxb2 h5 39. Kg1 g4 40. hxg4 hxg4 41. g3 Kf5 42. Rf2 f3 43. Rd2 a5 44. a3 Ke4 45. Bf2 Bd3 46. Bb6 a4 47. Kf2 Bc4 48. Rd4+ Kf5 49. Ke3 Be2 50. Bc5 Bc4 51. Rf4+ Kg5 52. Be7+ Kh5 1-0

[Event "Bad Wildbad IM"]
[Site "Bad Wildbad GER"]
[Date "1991.??.??"]
[Round "?"]
[White "Staller, Peter"]
[Black "Adams, Michael"]
[Result "1/2-1/2"]
[WhiteElo "2365"]
[BlackElo "2600"]
[PlyCount "24"]
[EventDate "1991.??.??"]
[Source "www.chesslib.no"]
[SourceDate "2004.05.04"]

1. d4 Nf6 2. c4 e6 3. Nc3 Bb4 4. Bg5 c5 5. d5 d6 6. e3 exd5 7. cxd5 Nbd7 8. Nge2 O-O 9. a3 Ba5 10. Rb1 Qb6 11. f3 h6 12. Bh4 Re8 1/2-1/2

[Event "Naestved Open"]
[Site "Naestved DEN"]
[Date "1988.??.??"]
[Round "?"]
[White "Zsinka, Laszlo"]
[Black "Smagin, Sergey B"]
[Result "0-1"]
[WhiteElo "2420"]
[BlackElo "2540"]
[PlyCount "76"]
[EventDate "1988.07.??"]
[Source "www.chesslib.no"]
[SourceDate "2004.05.04"]

1. d4 Nf6 2. c4 e6 3. Nc3 Bb4 4. Bg5 c5 5. Nf3 h6 6. Bxf6 Qxf6 7. Rc1 Nc6 8. e3 O-O 9. Be2 cxd4 10. Nxd4 a6 11. O-O Qe5 12. Qd3 Qc7 13. Nf3 Be7 14. Rfd1 Rd8 15. Qb1 Qb8 16. a3 b6 17. Bd3 Bb7 18. Ne4 Qc7 19. b4 f5 20. Ng3 Ne5 21. Nxe5 Qxe5 22. Rc2 Bc6 23. Rcd2 Qc3 24. Qc1 Qxc1 25. Rxc1 a5 26. c5 bxc5 27. bxc5 Rab8 28. h3 Kf8 29. e4 Bg5 30. Rcd1 Bxd2 31. Rxd2 fxe4 32. Bxe4 Ke7 33. Bg6 Rb3 34. Kh2 Rxa3 35. f4 Rc3 36. f5 Rxc5 37. Bh5 exf5 38. Re2+ Kf8 0-1